Представление документа в формате MARC21

Поле Инд. ПП Название Значение
Тип записи a
Библиографический уровень m
001 _ Контрольный номер RU/URAIT/475263
005 _ Дата корректировки 20250915104105.7
008 Кодируемые данные 190411s2021 RU y f j 000 0 rus u
020 a ISBN 978-5-534-10040-2
c Цена, тираж 1569.00
040 a Служба первич. каталог. ИКО Юрайт
c Служба, преобразующая запись ИКО Юрайт
e Правила каталог. RCR
041 a Код языка текста rus
044 a Код страны публикации RU
080 a Индекс УДК 339.9(075.8)
084 2 Источник индекса rubbk
a Индекс другой классификации/Индекс ББК 65.5я73
100 1_ a Автор Платонова Ирина Николаевна
q Полное имя Ирина Николаевна
245 a Заглавие Международные экономические отношения в глобальной экономике
b Продолж. заглавия Учебник для вузов
c Ответственность под общ. ред. Платоновой И.Н.
256 a Характеристики компьютерного файла Электрон. дан.
260 a Место издания Москва
b Издательство Юрайт
c Дата издания 2021
300 a Объем 528 с
440 a Серия Высшее образование
500 a Примечание URL: https://urait.ru/bcode/475263 (дата обращения: 23.11.2021).
520 a Аннотация Учебник подготовлен авторским коллективом, который длительное время исследует новые тенденции в международных экономических отношениях, связанные с глобализацией экономики и ее переходом на новый технологический уровень. Особое внимание уделено влиянию цифровизации на все формы международных экономических отношений. Фактические и статистические данные учебника основаны на официальных источниках и аналитических оценках международных организаций, информационных агентств, отечественных и зарубежных экспертов и исследователей. Каждая глава сопровождается списком ключевых терминов, вопросами и заданиями для самоконтроля. Содержание учебника соответствует актуальным требованиям Федерального государственного образовательного стандарта высшего образования. Для студентов бакалавриата и магистратуры, обучающихся по экономическим направлениям и специальностям, а также преподавателей вузов.
538 a Прим. о системных особенностях Режим доступа: Электронно-библиотечная система Юрайт, для авториз. пользователей
653 a Ключевые слова Мировая экономика. Внешняя торговля. Таможенное дело
653 a Ключевые слова Экономика и управление
653 a Ключевые слова Мировая экономика и международные экономические отношения
653 a Ключевые слова Международная экономика
653 a Ключевые слова Международные экономические отношения
653 a Ключевые слова Мировая экономика
653 a Ключевые слова Международные экономические отношения в глобальной экономике
653 a Ключевые слова Международная интеграция
700 1_ a Другие авторы Алёшин Дмитрий Андреевич
q Полное имя Дмитрий Андреевич
700 1_ a Другие авторы Гурова Ирина Павловна
q Полное имя Ирина Павловна
700 1_ a Другие авторы Долгова Мария Владимировна
q Полное имя Мария Владимировна
700 1_ a Другие авторы Исаченко Татьяна Михайловна
q Полное имя Татьяна Михайловна
700 1_ a Другие авторы Иванова Наталья Александровна
q Полное имя Наталья Александровна
700 1_ a Другие авторы Козлова Ольга Анатольевна
q Полное имя Ольга Анатольевна
700 1_ a Другие авторы Коломейцева Ангелина Александровна
q Полное имя Ангелина Александровна
700 1_ a Другие авторы Костюнина Галина Михайловна
q Полное имя Галина Михайловна
700 1_ a Другие авторы Максакова Мария Андреевна
q Полное имя Мария Андреевна
700 1_ a Другие авторы Пак Егор Вадимович
q Полное имя Егор Вадимович
700 1_ a Другие авторы Пичков Олег Борисович
q Полное имя Олег Борисович
700 1_ a Другие авторы Ревенко Лилия Сергеевна
q Полное имя Лилия Сергеевна
700 1_ a Другие авторы Савельев Олег Владимирович
q Полное имя Олег Владимирович
700 1_ a Другие авторы Сидоров Алексей Александрович
q Полное имя Алексей Александрович
700 1_ a Другие авторы Сидорова Елена Александровна
q Полное имя Елена Александровна
700 1_ a Другие авторы Солдатенко Дарья Михайловна
q Полное имя Дарья Михайловна
700 1_ a Другие авторы Сумин Андрей Владимирович
q Полное имя Андрей Владимирович
856 40 u URL https://urait.ru/bcode/475263
x Примечание для ЭОР https://urait.ru/book/cover/CFCB4664-2B8D-48FF-AA45-788E2D9D8BB4
z Примечание для пользователя Участвует в КО
856 41 u URL https://urait.ru/book/cover/CFCB4664-2B8D-48FF-AA45-788E2D9D8BB4